Mot par définition lettre D - Statistiques

Statistiques générales
  • Ce quiz a été pris 196 fois
  • Le résultat moyen est 8 sur 15
Statistiques - réponses
Définition Réponse % Correct
Mouvoir son corps en cadence, le plus souvent au son d'une musique Danser
97%
Cheval dans le langage enfantin Dada
92%
Salle d'entraînement et de compétition pour les arts martiaux Dojo
82%
Personne la plus ancienne dans un corps, une compagnie Doyen
82%
Epée très courte; poignard à lame aiguë Dague
80%
Combat, devant témoins, entre deux personnes dont l'une estime avoir été offensée par l'autre Duel
78%
Action d'habituer un animal à faire telle ou telle chose Dressage
59%
Condamner aux peines de l'enfer Damner
50%
Aéronef dont la sustentation est assurée par des ballonnets contenant, dans une enveloppe, un gaz plus léger que l'air Dirigeable
46%
A l'avenir, dorénavant Désormais
37%
Bandeau de tête qui, dans l'Antiquité, était l'insigne de la royauté Diadème
35%
Etat de ce qui tend vers sa fin, de ce qui perd sa force Déclin
22%
Adresse manuelle Dextérité
20%
Enoncer, réciter d'une manière monotone Débiter
8%
Familier : volée de coups Dégelée
1%
Aucun quiz correspondant
Distribution des résultats
% des personnes avec chaque résultat
Percentile par nombre de réponses
Votre historique - résultats
Vous n’avez pas pris ce quiz